| 000 | 01069nam a2200241Ii 4500 | ||
|---|---|---|---|
| 003 | JO-AjNU | ||
| 008 | 230605s9999||||xx |||||||||||||| ||und|| | ||
| 017 | _a2008/7/2222 | ||
| 020 | _a9957-16-441-6 | ||
| 040 |
_aJO-AjNU _bara _erda _cJO-AjNU |
||
| 041 | _aara | ||
| 050 | 1 | 4 | _aKMM404.5.H82.2009 |
| 100 | 3 |
_aتأليف الحديثي ، فخري عبدالرزاق ، مؤلف.مشارك خالد حميدي الزعبي , _eauthor _931300 |
|
| 245 | 0 | 0 | _aالموسوعة الجنائية 2 شرح قانون العقوبات القسم الخاص الجرائم الواقعة على الأشخاص |
| 250 | _aط1 | ||
| 264 | 3 | 1 | _aعمان : دار الثقافة ، 2009 |
| 300 |
_aج2، 320ص _bيشتمل على مراجع ببلوغرافية ص ( 317- 320 ) |
||
| 336 |
_atext _btxt _2rdacontent |
||
| 337 |
_aunmediated _bn _2rdamedia |
||
| 338 |
_avolume _bnc _2rdacarrier |
||
| 490 | 0 | _aالموسوعة الجنائية 2 | |
| 650 | 4 |
_aالقانون الجنائي -- العقوبات -- الجريمة -- الجرائم ضد الأفراد _931301 |
|
| 999 |
_aA12506 _c16074 _d16074 |
||